| 000 | 00666cam a2200217 4500 | ||
|---|---|---|---|
| 008 | 021108t19791979sp 000 0 spa u | ||
| 020 | _a8489691975 | ||
| 035 | _aa405296 | ||
| 050 | 0 | 0 |
_aHN65 _bL37 1999 |
| 100 | 1 | _aLasch, Christopher | |
| 245 | 1 | 3 |
_aLa cultura del narcisismo / _cChristopher Lasch ; tr. Jaime Collyer. |
| 260 |
_aBarcelona : _bAndrés Bello, _c1999 |
||
| 300 |
_a330 p. ; _c 24 cm. |
||
| 500 | _aRec. peop. esc. | ||
| 500 | _aIncluye índice | ||
| 504 | _aBibliograf{grave}ia : p. 299-314 | ||
| 650 | 1 | 0 |
_aValores _xsociales |
| 651 |
_aEstados Unidos _xCondici{grave}ones morales |
||
| 700 | 1 | _aCollyer, Jaime, tr. | |
| 942 |
_2lcc _cLIB |
||
| 999 |
_c95248 _d95248 |
||